000 00345nam a22001337a 4500
005 20260121113414.0
008 260121b |||||||| |||| 00| 0 eng d
100 _aRiya pandita
245 _aFinincial aServices and Marketing Analysis
250 _a2022
260 _aHari singh Street ,Srinagar
_bHDFC
_c2022
300 _a40
942 _2ddc
_cTH
999 _c21792
_d21792